Statistiques concernant Consoles Sony

Cliquez ici pour prendre le quiz!

Statistiques générales

  • Ce quiz a été pris 1 404 fois
    (1 324 depuis la dernière actualisation)
  • Le résultat moyen est 7 sur 7

Statistiques - réponses

AnnéesTypesConsoles% Correct
1994SalonPlayStation
100%
2000SalonPlayStation 2
100%
2006SalonPlayStation 3
100%
2013SalonPlayStation 4
100%
2020SalonPlayStation 5
99%
2004PortablePlayStation Portable
92%
2011PortablePlayStation Vita
91%

Distribution des résultats

Percentile par nombre de réponses

% des personnes avec chaque résultat

Votre développement - résultats

Vous n’avez pas pris ce quiz depuis la dernière actualisation